000 00635nam a22002417a 4500
003 UA-OsUOA
001 28794
007 ta
008 20050505b un ||||| |||| 00| 0 ukr d
090 _a001:06(477)
_bН34
942 _cBK
040 _aUA-OsUOA
_bukr
_cUA-OsUOA
_dUA-OsUOA
245 _aНаукові записки інституту історії України
_cРед. О. К.Касименка
300 _a111 с.
955 _a0
041 _aukr
080 _a001:06(477)
260 _aК.
_bАкадемія наук УРСР
_c1950
246 3 1 _aТ. 3
_n
044 _aUA
650 7 _2UDC
999 _c315166
_d315166